LEADER 03864nam 2200577Ia 450 001 9910463202903321 005 20170815155828.0 010 $a1-283-94808-7 010 $a1-4725-0255-8 035 $a(CKB)2670000000330397 035 $a(EBL)1109614 035 $a(OCoLC)824117956 035 $a(SSID)ssj0000914266 035 $a(PQKBManifestationID)11480764 035 $a(PQKBTitleCode)TC0000914266 035 $a(PQKBWorkID)10861599 035 $a(PQKB)11532921 035 $a(MiAaPQ)EBC1109614 035 $a(EXLCZ)992670000000330397 100 $a20090128d2009 uy 0 101 0 $aeng 135 $aur|n|---||||| 181 $ctxt 182 $cc 183 $acr 200 10$aForbearance and compulsion$b[electronic resource] $ethe rhetoric of religious tolerance and intolerance in late antiquity /$fMaijastina Kahlos 210 $aLondon $cDuckworth$d2009 215 $a1 online resource (272 p.) 300 $artspecialcollection. 311 $a0-7156-3698-7 320 $aIncludes bibliographical references (p. 219-241) and indexes. 327 $aCover; Contents; Acknowledgments; Abbreviations; Chronology; 1. Introduction; 1.1. The monopoly of pluralism; 1.2. Tolerance, moderation, forbearance and acceptance; 2. Articulating Forbearance and Compulsion before 250; 2.1. The limits of Greek and Roman forbearance; 2.2. Kalokagathia and the Jews in the Roman world; 2.3. The Christians and libertas religionis; 2.4. Being a good Roman: loyalty and non-conformity; 3. The Third Century; 3.1. Towards the religious unity of the empire; 3.2. Lobbying against Christians; 3.3. Christian writers on forbearance; 4. From Constantine to Constantius II 327 $a4.1. Religious liberty and concord: Licinius and Constantine4.2. Imperial rhetoric: Constantine's sons; 4.3. From persecuted to prophets of persecution; 4.4. Moderate voices; 5. From Julian to Valentinian I; 5.1. Changing tides; 5.2. Reactions to changing tides; 6. From Gratian to Theodosius I; 6.1. Gratian, Valentinian II and Theodosius I: striving for religious unity; 6.2. Libanius and Symmachus: the eloquent appeals; 6.3. The refutation of plurality; 7. After Theodosius I; 7.1. Honorius, Arcadius and Theodosius II: towards unity; 7.2. The authorization of oppression and compulsion 327 $a7.3. Augustine and religious compulsion7.4. The debate between non-conformists and lobbyists; 8. Towards a World of One Alternative; Notes; Ancient sources; Modern bibliography; Index of sources; A; B; C; D; E; F; G; H; I; J; L; M; N; O; P; R; S; T; V; X; General Index; A; B; C; D; E; F; G; H; I; J; K; L; M; N; O; P; R; S; T; U; V; W; Y; Z 330 $aMost surveys of religious tolerance and intolerance start from the medieval and early modern period, either passing over or making brief mention of discussions of religious moderation and coercion in Greco-Roman antiquity. Here Maijastina Kahlos widens the historical perspective to encompass late antiquity, examining ancient discussions of religious moderation and coercion in their historical contexts. The relations and interactions between various religious groups, especially pagans and Christians, are scrutinized, and the stark contrast often drawn between a tolerant polytheism and an intole 606 $aReligious tolerance$xHistory$vSources 606 $aReligious tolerance in literature 606 $aChurch history$yPrimitive and early church, ca. 30-600 608 $aElectronic books. 615 0$aReligious tolerance$xHistory 615 0$aReligious tolerance in literature. 615 0$aChurch history 676 $a261.2209015 700 $aKahlos$b Maijastina$0285264 801 0$bMiAaPQ 801 1$bMiAaPQ 801 2$bMiAaPQ 906 $aBOOK 912 $a9910463202903321 996 $aForbearance and compulsion$9265575 997 $aUNINA LEADER 05163nam 22008175 450 001 9910366595603321 005 20200701034521.0 010 $a9783030226763 010 $a303022676X 024 7 $a10.1007/978-3-030-22676-3 035 $a(CKB)4100000009522966 035 $a(DE-He213)978-3-030-22676-3 035 $a(MiAaPQ)EBC6112902 035 $a(PPN)257360107 035 $a(MiAaPQ)EBC31854772 035 $a(Au-PeEL)EBL31854772 035 $a(EXLCZ)994100000009522966 100 $a20191009d2020 u| 0 101 0 $aeng 135 $aurnn|008mamaa 181 $ctxt$2rdacontent 182 $cc$2rdamedia 183 $acr$2rdacarrier 200 10$aPhysical Approach to Engineering Acoustics /$fby Ronald N. Miles 205 $a1st ed. 2020. 210 1$aCham :$cSpringer International Publishing :$cImprint: Springer,$d2020. 215 $a1 online resource (XIX, 380 p. 109 illus., 101 illus. in color.) 225 1 $aMechanical Engineering Series,$x0941-5122 311 08$a9783030226756 311 08$a3030226751 327 $aAnalysis of acoustic signals -- One dimensional sound fields -- Sound Transmission Loss -- Analysis of mufflers and ducts -- Sound radiation in three dimensions -- Computer Aided Acoustics -- Modal Solutions for the Sound in Enclosures -- Geometrical Room Acoustics -- Effects of Viscosity -- Acoustic sensing -- Electronic transduction for acoustic sensors -- Estimation of capacitance -- Parameter identification of acoustic systems -- Appendix 1: The use of complex notation -- Appendix 2: Introduction to probability and random processes -- Appendix 3: The mean square response of a spring/mass/damper -- Appendix 4: Analysis of circuit noise -- Appendix 5: Some useful formulas. 330 $a This textbook presents the fundamentals of engineering acoustics and examines in depth concepts within the domain that apply to reducing noise, measuring noise, and designing microphones and loudspeakers. The book particularly emphasizes the physical principles used in designing miniature microphones. These devices are used in billions of electronic products, most visibly, cell phones and hearing aids, and enable countless other applications. This is distinct from earlier books on this topic that take the view of the electrical engineer analyzing mechanical systems using electric circuit analogies. This text uses Newtonian mechanics as a more appropriate paradigm for analyzing these mechanical systems and in so doing provides a more direct method of modeling. Written at a level appropriate for upper-division undergraduate courses, and enhanced with end-of-chapter problems and MatLab routines, the book is ideal as a core text for students interested in engineering acoustics in ME, EE, and physics programs, as well as a reference for engineers and technicians working in the huge global industry of miniature microphone design. Maximizes reader understanding of methods for analyzing and designing acoustic sensors such as microphones; Describes methods for analyzing and characterizing sound levels; Introduces methods of analyzing sound in ducts and mufflers, techniques very important for noise control; Reinforces concepts presented with example designs, homework problems, and MatLab programs; Explains the principles behind the radiation of sound from complex systems. 410 0$aMechanical Engineering Series,$x0941-5122 606 $aAcoustical engineering 606 $aSignal processing 606 $aImage processing 606 $aSpeech processing systems 606 $aAcoustics 606 $aVibration 606 $aDynamics 606 $aDynamics 606 $aElectrical engineering 606 $aEngineering Acoustics$3https://scigraph.springernature.com/ontologies/product-market-codes/T16000 606 $aSignal, Image and Speech Processing$3https://scigraph.springernature.com/ontologies/product-market-codes/T24051 606 $aAcoustics$3https://scigraph.springernature.com/ontologies/product-market-codes/P21069 606 $aVibration, Dynamical Systems, Control$3https://scigraph.springernature.com/ontologies/product-market-codes/T15036 606 $aCommunications Engineering, Networks$3https://scigraph.springernature.com/ontologies/product-market-codes/T24035 615 0$aAcoustical engineering. 615 0$aSignal processing. 615 0$aImage processing. 615 0$aSpeech processing systems. 615 0$aAcoustics. 615 0$aVibration. 615 0$aDynamics. 615 0$aDynamics. 615 0$aElectrical engineering. 615 14$aEngineering Acoustics. 615 24$aSignal, Image and Speech Processing. 615 24$aAcoustics. 615 24$aVibration, Dynamical Systems, Control. 615 24$aCommunications Engineering, Networks. 676 $a620.21 676 $a620.21 700 $aMiles$b Ronald N$4aut$4http://id.loc.gov/vocabulary/relators/aut$01059690 801 0$bMiAaPQ 801 1$bMiAaPQ 801 2$bMiAaPQ 906 $aBOOK 912 $a9910366595603321 996 $aPhysical Approach to Engineering Acoustics$92507680 997 $aUNINA LEADER 00975nam a2200229 i 4500 001 991004363830407536 005 20250127153456.0 008 250127q1987 it a fr 001 0 ita d 040 $aBibl. Dip.le Aggr. Ingegneria Innovazione - Sez. IngegneriaInnovazione$beng$cSocioculturale Scs 041 0 $aita 082 04$a662.7$223 100 1 $aHassid, A.$01783353 245 12$aI processi di combustione per la produzione di energia elettrica :$bindirizzi di sviluppo /$cprof. A. Hassid 260 $a[S.l.] :$bAnsaldo componenti,$c[1987?] 300 $a24 p. :$bill. ;$c30 cm 500 $aAt head of title: Bari, Fiera del Levante 1987, Giornata I R I sulle frontiere della tecnologia 650 4$aPower generation$xCombustion processes 650 4$aCombustion$xIndustrial applications 650 4$aElectric power generation$xCombustion 912 $a991004363830407536 996 $aProcessi di combustione per la produzione di energia elettrica$94310838 997 $aUNISALENTO